LEADER 01954nam 2200577Ia 450 001 9910698070303321 005 20090210091621.0 035 $a(CKB)5470000002394298 035 $a(OCoLC)302340134 035 $a(EXLCZ)995470000002394298 100 $a20090210d1989 ua 0 101 0 $aeng 181 $ctxt$2rdacontent 182 $cc$2rdamedia 183 $acr$2rdacarrier 200 10$aIntegrated structure/control law design by multilevel optimization$b[electronic resource] /$fMichael G. Gilbert, David K. Schmidt 210 1$aHampton, Va. :$cNational Aeronautics and Space Administration, Langley Research Center,$d[1989] 215 $a10 pages $cdigital, PDF file 225 1 $aNASA technical memorandum ;$v101623 300 $aTitle from title screen (viewed Feb. 9, 2009) 300 $a"June 1989." 320 $aIncludes bibliographical references (pages 6-7). 606 $aAirplanes$xDesign and construction 606 $aAircraft stability$2nasat 606 $aAircraft structures$2nasat 606 $aControl systems design$2nasat 606 $aControl theory$2nasat 606 $aLarge space structures$2nasat 606 $aOptimization$2nasat 606 $aSpacecraft stability$2nasat 606 $aStructural design$2nasat 606 $aTrusses$2nasat 615 0$aAirplanes$xDesign and construction. 615 7$aAircraft stability. 615 7$aAircraft structures. 615 7$aControl systems design. 615 7$aControl theory. 615 7$aLarge space structures. 615 7$aOptimization. 615 7$aSpacecraft stability. 615 7$aStructural design. 615 7$aTrusses. 700 $aGilbert$b Michael G$01391963 701 $aSchmidt$b D. K$g(David K.)$01387397 712 02$aLangley Research Center. 801 0$bGPO 801 1$bGPO 906 $aBOOK 912 $a9910698070303321 996 $aIntegrated structure$93482772 997 $aUNINA